000 01532nam a2200361 i 4500
001 000003740
003 DO-SdBNP
005 20240910100228.0
007 ta
008 090713s2007 dr ac 000 0 spa d
020 _a9789945422108
040 _aDO-SdBNP
_bspa
_cBNPHU
_erda
082 4 _a331.881
_bF363c
_222
100 1 _aFernández, Félix,
_911384
_eautor
_4aut.
245 1 0 _aCincuenta años de vida sindical :
_bhitos en las relaciones de E. León Jimenes con sus trabajadores /
_cFélix Férnandez ; presentación de, C. Guillermo León.
264 4 _aSanto Domingo :
_bEditora Grupo León Jimenes,
_c@2007.
300 _a267 páginas :
_bilustaiones, retratos ;
_c23 cm.
336 _atexto
_btxt
_2rdacontent
337 _asin mediación
_bn
_2rdameia
338 _avolumen
_bnc
_2rdacarrier
500 _aIncluye datos biográficos del autor en la solapa de la contracubierta
504 _aBibliografía : páginas 264-267
590 _aLa biblioteca posee 2 ejemplares autografiados por el autor.
590 _aInventariado, 2018/VM
610 2 4 _aGupo León Jimenes (República Dominicana)
_xHistoria
_911385
650 4 _aSindicatos
_zRepública Dominicana
_97318
650 4 _aSindicalísmo
_zRepública Dominicana
_97319
650 4 _aContratos colectivos de trabajo
_zRepublica Dominicana
_911386
650 4 _aNegociaciones colectivas de trabajo
_zRepública Dominicana
_911387
700 1 _aLéon, C. Guillermo,
_911388
_4pres.
_epesentación
910 _aValidado. Control de calidad MFF
942 _2ddc
_cLBS1
999 _c3562
_d3562